| 000 | 01082nam a2200217Ia 4500 | ||
|---|---|---|---|
| 003 | Ost | ||
| 005 | 20260507075019.0 | ||
| 008 | 260507s9999||||xx |||||||||||||| ||und|| | ||
| 040 | _cfsecg | ||
| 041 | _aara | ||
| 082 | _a310 | ||
| 100 |
_aناجي، قيس عبد الجبار _eمؤلف |
||
| 245 | 0 |
_aأصول الإحصاء والطرق الإحصائية / _c قيس عبد الجبار ناجي |
|
| 260 |
_aعمان: _bدار المناهج, _c2002 |
||
| 300 |
_a102 صفحة؛ _bإيضاحات ؛ _c25 سم |
||
| 520 | _aمعنى الإحصاء وأهميته في البحوث،العينات والمجتمع،الجداولوالأشكال البيانية،مقاييس النزعة المركزية،مقاييس التشتت،الدرجات المعيارية المعدلة-مقاييس العلاقة بين المتغيرات(معامل الإرتباط)-اختبار(ت)T | ||
| 653 | _aالإحصاء - المعاملات الإرتباطية | ||
| 653 | _aالإحصاء الإجتماعي | ||
| 653 | _aالطرق الإحصائية | ||
| 942 | _cكتاب | ||
| 999 |
_c42253 _d42253 |
||